Educación para la paz, la democracia y los derecho humanos: materiales de estudio y conclusiones

Αποθηκεύτηκε σε:
Λεπτομέρειες βιβλιογραφικής εγγραφής
Μορφή: Βιβλίο
Γλώσσα:Ισπανικά
Έκδοση: San José Instituto Interamericano de Derechos Humanos 1990
Σειρά:Educación y Derechos Humanos
Θέματα:
Ετικέτες: Προσθήκη ετικέτας
Δεν υπάρχουν, Καταχωρήστε ετικέτα πρώτοι!

MARC

LEADER 00000nam a2200000 a 4500
001 UCW7629
003 CL-VaPUC
008 930531e19900000CR |||||||||||||||||spa|d
082 0 4 |a 370.115  |b EDU  |2 21 
245 1 0 |a Educación para la paz, la democracia y los derecho humanos: materiales de estudio y conclusiones 
300 |a 101 p 
942 |c BK 
945 |d 19930531 00:00:00 
260 |a San José  |b Instituto Interamericano de Derechos Humanos  |c 1990 
650 7 |a DERECHOS HUMANOS ENSEÑANZA  |2 CL-VaPUC  |9 312838 
650 0 |a Derechos civiles  |9 255655 
650 7 |a PAZ ENSEÑANZA  |2 CL-VaPUC  |9 308761 
583 |a last modification  |c 20120606 10:16:26  |k Rodrigo Vera 
490 0 |a Educación y Derechos Humanos 
999 |c 220333  |d 220331 
952 |0 0  |1 0  |4 0  |6 370_115000000000000_EDU_1990  |7 0  |8 A  |9 212380  |a BIBEDU  |b BIBEDU  |d 2019-11-15  |i 2806134  |o 370.115 EDU 1990  |p 2806134  |r 2019-11-15  |w 2019-11-15  |y BK  |k EDU